Southville International School and Colleges
Your cart is empty.
  • Cart
  • Lists
    Public lists Eva Luna New books Lux_list list_1
    Your lists Log in to create your own lists
  • Log in to your account
  • Your cookies
  • Search history
Southville International School and Colleges
  • Advanced search
  • Recent comments
  • Most popular
  • Libraries

Log in to your account

Log in with GOOGLE


If you do not have an external account, but do have a local account, you can still log in:

  1. Home
  2. MARC view: Small business management :
Normal view MARC view ISBD view

Small business management : (Record no. 25260)

[ view plain ]
MARC details
000 -LEADER
fixed length control field 00668nam a2200217 a 4500
005 - DATE AND TIME OF LATEST TRANSACTION
control field 20140310183612.0
008 - FIXED-LENGTH DATA ELEMENTS--GENERAL INFORMATION
fixed length control field 120830s19uu xx 00 eng d
020 ## - INTERNATIONAL STANDARD BOOK NUMBER
International Standard Book Number 9780071263689
050 ## - LIBRARY OF CONGRESS CALL NUMBER
Classification number HD 69.S6
Item number .B995 2009
100 ## - MAIN ENTRY--PERSONAL NAME
Personal name Byrd, Mary Jane
245 ## - TITLE STATEMENT
Title Small business management :
Remainder of title an entrepreneur's guidebook /
Statement of responsibility, etc Mary Jane Byrd, Leon C. Megginson.
250 ## - EDITION STATEMENT
Edition statement 6th ed. International ed.
260 ## - PUBLICATION, DISTRIBUTION, ETC. (IMPRINT)
Place of publication, distribution, etc Boston, MA :
Name of publisher, distributor, etc McGraw-Hill,
Date of publication, distribution, etc 2009.
300 ## - PHYSICAL DESCRIPTION
Extent 522 p. :
Other physical details ill. col. ;
Dimensions 25 cm.
500 ## - GENERAL NOTE
General note Includes index
521 ## - TARGET AUDIENCE NOTE
Target audience note
650 ## - SUBJECT ADDED ENTRY--TOPICAL TERM
Topical term or geographic name as entry element Small business
General subdivision Management
700 ## - ADDED ENTRY--PERSONAL NAME
Personal name Megginson, Leon C.
942 ## - ADDED ENTRY ELEMENTS (KOHA)
Koha item type Books
Source of classification or shelving scheme Library of Congress Classification
Call number prefix Foreign
Holdings
Withdrawn status Lost status Source of classification or shelving scheme Damaged status Home library Current library Shelving location Date acquired Source of acquisition Cost, normal purchase price Total Checkouts Full call number Barcode Date last seen Copy number Price effective from Koha item type
    Library of Congress Classification   College Library College Library General Circulation Section 08/30/2012   2028.00   HD 69.S6 .B995 2009 C15260 05/15/2018 1 10/18/2013 Books

Small business management :

APA

Byrd M. J., Megginson L. C., . (2009). Small business management. Boston, MA: McGraw-Hill.

Chicago

Byrd Mary Jane, Megginson Leon C, . 2009. Small business management. Boston, MA: McGraw-Hill.

Harvard

Byrd M. J., Megginson L. C., . (2009). Small business management. Boston, MA: McGraw-Hill.

MLA

Byrd Mary Jane, Megginson Leon C, . Small business management. Boston, MA: McGraw-Hill. 2009.

  • Place hold
  • Print
  • Cite
  • Add to your cart (remove)
  • Save record
    BIBTEX Dublin Core MARCXML MARC (non-Unicode/MARC-8) MARC (Unicode/UTF-8) MARC (Unicode/UTF-8, Standard) MODS (XML) RIS
  • More searches
    Search for this title in:
    Other Libraries (WorldCat) Other Databases (Google Scholar) Online Stores (Bookfinder.com) Open Library (openlibrary.org)

Exporting to Dublin Core...

SOUTHVILLE LIBRARY

Southville International School and Colleges Library

1281 Tropical Ave. Cor. Luxembourg St., BF Homes International, Las Pinas City

Tel. No. 8256374 / 252358 Loc. 117/146

Powered by Koha